| 000 | 00523nam a2200181Ia 4500 | ||
|---|---|---|---|
| 005 | 20250508154508.0 | ||
| 008 | 008 250505s9999 xx 000 0 eng d | ||
| 037 | _aTextual | ||
| 040 |
_aFEDL _beng _cFEDL |
||
| 041 |
_aeng _2eng |
||
| 084 |
_a512.8, FAN _qFEDL |
||
| 100 |
_aFang J _9765537 |
||
| 245 | 0 | _aSchaum's outline of theory and problems of abstract algebra | |
| 260 |
_aNew York, USA _bSchaum Publishing Co _c1963 |
||
| 300 | _a339p. | ||
| 942 |
_cTEXL _h512.8, FAN |
||
| 999 |
_c1350584 _d1350584 |
||